000 00893nam a2200265 a 4500
001 59126
003 BD-RjUL
005 20211209080709.0
008 161221s1982 enka b 011 0 eng
020 _a0043303234
035 _a(BD-RjUL) 59250
040 _aDLC
_cDLC
_dDLC
_dOCoLC
_dDLC
_dBD-RjUL
_beng
041 _aeng
082 0 0 _a338.9
_223
_bTHE 1982
245 0 4 _aThe Theory and experience of economic development :
_bessays in honor of Sir W. Arthur Lewis /
_cedited by Mark Gersovitz ... [et al.]
260 _aLondon ;
_aBoston :
_bAllen & Unwin,
_cc1982.
300 _aix, 403 p. :
_bill. ;
_c25 cm.
500 _aIncludes indexes.
504 _aBibliography: p. 391-394.
650 0 _aEconomic development.
_9170469
650 0 _aEconomics.
_9170576
700 1 _aLewis, W. Arthur
_q(William Arthur),
_d1915-1991.
_9175810
700 1 _aGersovitz, Mark.
_9175811
942 _2ddc
_cBK
999 _c59126
_d59126